000 00695cab a2200229 4500
001 ABS51334
008 090401t1994 xxu||||| |||| 00| 0 eng d
035 _a(Sirsi) u22361
041 _aeng
245 _aProducers feel the benefit
260 _c1994
350 _a0
490 _aBuilding Market Report
_vOctober 1994, 10-13(4)
520 _aDoE output figures for 2Q 1994 show that construction workload rose for the third consecutive quarter with private sector new work showing the highest level of growth.
650 _aCONSTRUCTION MARKET
650 _aGROWTH
650 _aOUTPUT
650 _aWORKLOAD
690 _aBUILT ENVIRONMENT
942 _n0
948 _c04/03/1997
999 _c14981
_d14981